| 000 | 00405nam a2200133Ia 4500 | ||
|---|---|---|---|
| 008 | 210210b1977 xxu||||| |||| 00| 0 eng d | ||
| 082 | _aS491.5 SASD | ||
| 100 | _aSASTRI (Vidyasagar K L V) and SASTRI (L Anantarama). | ||
| 245 | _aDhaturupa manjari. (an essay text on sanskrit verbs). | ||
| 260 |
_aPalghat. _bR S Vadhyar & Sons., _c1977 |
||
| 300 | _av,159 | ||
| 690 | _aSanskrit Grammar | ||
| 906 | _a033733 | ||
| 999 |
_c84507 _d84507 |
||